Χαμηλή σχολική επίδοση και κοινωνικός αποκλεισμός : απόψεις των δασκάλων γενικής αγωγής (Εκπ/κών ΠΕ70) της Α/βάθμιας εκπαίδευσης Λέσβου

Αποθηκεύτηκε σε:
Λεπτομέρειες βιβλιογραφικής εγγραφής
Κύριος συγγραφέας: Βαρελτζή, Ειρήνη
Συγγραφή απο Οργανισμό/Αρχή: Πανεπιστήμιο Αιγαίου Σχολή Κοινωνικών Επιστημών Τμήμα Κοινωνιολογίας Μεταπτυχιακό Πρόγραμμα Σπουδών Έρευνα για την Τοπική Κοινωνική Ανάπτυξη και Συνοχή
Μορφή: Thesis Βιβλίο
Γλώσσα:Greek
Δημοσίευση: [2016].
Θέματα:
Διαθέσιμο Online:http://hdl.handle.net/11610/23213
Ετικέτες: Προσθήκη ετικέτας
Δεν υπάρχουν, Καταχωρήστε ετικέτα πρώτοι!

MARC

LEADER 00000cam a2200000 a 4500
001 1/114886
008 170912s2016####gr | ||| |||| ||gre||
040 |a GR-MyUa  |b gre  |c GR-MyUa  |e AACR2 
041 0 |a gre 
082 7 |a 370.1  |2 (23) 
100 1 |a Βαρελτζή, Ειρήνη. 
245 1 0 |a Χαμηλή σχολική επίδοση και κοινωνικός αποκλεισμός :   |b απόψεις των δασκάλων γενικής αγωγής (Εκπ/κών ΠΕ70) της Α/βάθμιας εκπαίδευσης Λέσβου /   |c Βαρελτζή Ειρήνη ; επιβλέπων καθηγητής: Γιαβρίμης Παναγιώτης.  
260 |c [2016].  
300 |a 394 σ. ;   |c 30 εκ.  
500 |a Επιβλέπων καθηγητής Γιαβρίμης Παναγιώτης. Επιτροπή: Ψημίτης Μιχάλης, Σαββάκης Εμμανουήλ.  
502 |a Διατριβή (μεταπτυχιακή) - Πανεπιστήμιο Αιγαίου, Λέσβος, 2016.  
504 |a Περιλαμβάνει βιβλιογραφία και παραρτήματα.  
506 1 |a Ηλεκτρονική διάθεση στο πλήρες κείμενο - περιορισμένης πρόσβασης ;   |d Ελεύθερη διάθεση μόνο στα μέλη του Πανεπιστημίου Αιγαίου.  
540 |a Κλειδωμένη η δυνατότητα αντιγραφής (copy) από το ηλεκτρονικό κείμενο.  
650 0 |a Educational sociology. 
650 0 |a School children  |x Social conditions. 
650 0 |a Social isolation. 
650 0 |a Teachers  |z Greece  |z Lesbos (Municipality)  |x Attitudes. 
700 1 |a Γιαβρίμης, Παναγιώτης,  |e dgs 
710 2 |a Πανεπιστήμιο Αιγαίου  |b Σχολή Κοινωνικών Επιστημών  |b Τμήμα Κοινωνιολογίας  |b Μεταπτυχιακό Πρόγραμμα Σπουδών Έρευνα για την Τοπική Κοινωνική Ανάπτυξη και Συνοχή. 
852 |a INST  |b LESVOS  |c DIATR  |e 20170912  |h 339  |p 005100059914  |q 005100059914  |t MTXE  |y 23 
856 |u http://hdl.handle.net/11610/23213 
924 |a Βαρελτζή   |b Ειρήνη  |y Λέσβος  |z 2016-10 
970 |a Πατσή   |b Ανθίππη  |z 12-09-2017